| 000 -LEADER |
| fixed length control field |
01255nam a22003257a 4500 |
| 005 - DATE AND TIME OF LATEST TRANSACTION |
| control field |
20260418112454.0 |
| 008 - FIXED-LENGTH DATA ELEMENTS--GENERAL INFORMATION |
| fixed length control field |
260415b xxu||||| |||| 00| 0 eng d |
| 040 ## - CATALOGING SOURCE |
| Transcribing agency |
Cagayan State University. |
| 082 ## - DEWEY DECIMAL CLASSIFICATION NUMBER |
| Classification number |
791.4372 |
| Item number |
Su959 2025 |
| 245 ## - TITLE STATEMENT |
| Title |
Superman / |
| Statement of responsibility, etc |
directed by James Gunn ; written by James Gunn, Jerry Siegel, Joe Shuster. |
| 260 ## - PUBLICATION, DISTRIBUTION, ETC. (IMPRINT) |
| Place of publication, distribution, etc |
Burbank, California : |
| Name of publisher, distributor, etc |
Warner Bros. Pictures, |
| Date of publication, distribution, etc |
2025. |
| 300 ## - PHYSICAL DESCRIPTION |
| Extent |
1 videofile, (ca. 120 min.) : |
| Other physical details |
sound, color. |
| 520 ## - SUMMARY, ETC. |
| Summary, etc |
Superman must reconcile his alien Kryptonian heritage with his human upbringing as reporter Clark Kent. As the embodiment of truth, justice and the American way he soon finds himself in a world that views these as old-fashioned. |
| 521 ## - TARGET AUDIENCE NOTE |
| Target audience note |
Rated PG-13 for violence, action and language. |
| 546 ## - LANGUAGE NOTE |
| Language note |
In English subtitle. |
| 650 ## - SUBJECT ADDED ENTRY--TOPICAL TERM |
| Topical term or geographic name as entry element |
Action Epic |
| 650 ## - SUBJECT ADDED ENTRY--TOPICAL TERM |
| Topical term or geographic name as entry element |
Sci-Fi Epic |
| 650 ## - SUBJECT ADDED ENTRY--TOPICAL TERM |
| Topical term or geographic name as entry element |
Adventure Epic |
| 650 ## - SUBJECT ADDED ENTRY--TOPICAL TERM |
| Topical term or geographic name as entry element |
Superhero |
| 655 ## - INDEX TERM--GENRE/FORM |
| Genre/form data or focus term |
Action |
| 655 ## - INDEX TERM--GENRE/FORM |
| Genre/form data or focus term |
Adventure |
| 655 ## - INDEX TERM--GENRE/FORM |
| Genre/form data or focus term |
Sci-Fi |
| 700 ## - ADDED ENTRY--PERSONAL NAME |
| Personal name |
Gunn, James, director and writer. |
| 700 ## - ADDED ENTRY--PERSONAL NAME |
| Personal name |
Siegel, Jerry, writer. |
| 700 ## - ADDED ENTRY--PERSONAL NAME |
| Personal name |
Shuster, Joe, writer. |
| 700 ## - ADDED ENTRY--PERSONAL NAME |
| Personal name |
Corenswet, David, star. |
| 700 ## - ADDED ENTRY--PERSONAL NAME |
| Personal name |
Brosnahan, Rachel, star. |
| 700 ## - ADDED ENTRY--PERSONAL NAME |
| Personal name |
Hoult, Nicholas, star. |
| 942 ## - ADDED ENTRY ELEMENTS (KOHA) |
| Source of classification or shelving scheme |
|
| Item type |
Audio-Visual Materials |